Statistics for Surah Rahman

Click here to take the quiz!

General Stats

  • This quiz has been taken 20 times
  • The average score is 4 of 5

Answer Stats

QuestionAnswer% Correct
What Have You Learnt From Surah RahmanI Learnt To Be Grateful
95%
What Is Surah Rahman AboutIts About Human Kind Not Being Grateful
95%
What Does Rahman MeanGracious
70%
How Many Ayaats Does Surah Rahman Have78
65%
who is muallim-e-awilALLAH SWT
60%

Score Distribution

Percentile by Number Answered

Percent of People with Each Score

Your Score History

You have not taken this quiz